| 000 | 00602nam a22001937a 4500 | ||
|---|---|---|---|
| 999 |
_c192150 _d192150 |
||
| 005 | 20220912162426.0 | ||
| 010 | _aENG-135031 | ||
| 020 |
_a9789352533848 _c625.00 |
||
| 035 | _aEN-118563 | ||
| 037 | _bDBAD/PUB | ||
| 082 | _a621.4022 | ||
| 100 | _aRajput, R.K. | ||
| 245 |
_aA Textbook of Heat and Mass Transfer/ _cby R.K. Rajput |
||
| 250 | _a7e | ||
| 260 |
_aNew Delhi _bS Chand and Company Limited _c2018 |
||
| 270 |
_a7361, Ram Nagar, Qutab Road _bNew Delhi _e110056 _minfo@schandpublishing.com |
||
| 300 |
_axvii, 915p. _bIndex _c24cm(pbk) |
||
| 942 |
_2ddc _cEN _h621.4022 _mRAJ |
||